|
|
|
|
| LEADER |
00000nam a2200000 a 4500 |
| 001 |
vtls001311062 |
| 003 |
SK-MaSNL |
| 005 |
20260301190617.0 |
| 008 |
240509s1997 xo a r y slo |
| 015 |
|
|
|a SNBA1998/03-01064
|
| 020 |
|
|
|a 8088885086
|
| 035 |
|
|
|a SNK000263425
|
| 035 |
|
|
|a urn:nbn:sk:snk-amlr93
|
| 035 |
|
|
|a urn:nbn:sk:snk-am00cbrd
|
| 035 |
|
|
|a B0166A3C-C90F-416F-8127-08569F2B1ED6
|
| 040 |
|
|
|a SNK
|b slo
|c SNK
|e AACR2
|
| 041 |
0 |
|
|a slo
|
| 044 |
|
|
|a xo
|c SK
|
| 080 |
|
|
|a 37(075.8)
|2 1981
|
| 245 |
0 |
|
|a Kapitoly z pedagogiky pre študentov učiteľstva
|c M. Černotová a kolektív
|
| 260 |
|
|
|a Prešov
|b Prešovská univerzita
|c 1997
|
| 300 |
|
|
|a 105 s.
|c 29 cm
|
| 500 |
|
|
|a 500 výt.
|
| 504 |
|
|
|a Bibliogr. odkazy
|
| 650 |
0 |
7 |
|a pedagogika
|2 SNK
|9 955
|
| 655 |
|
7 |
|a Textbooks (higher)
|2 SNKPHeng
|9 276436
|
| 655 |
|
7 |
|a učebnice vysokých škôl
|2 SNKPH
|9 70191
|
| 700 |
1 |
|
|a Černotová, Marta,
|d 1948-
|4 aut
|9 6828
|
| 700 |
1 |
|
|a Dobák, Ján
|4 aut
|9 11417
|
| 700 |
1 |
|
|a Spišiak, Igor
|4 aut
|9 566081
|
| 700 |
1 |
|
|a Bačová, Marta,
|d 1947-2021
|4 aut
|9 112558
|
| 700 |
1 |
|
|a Goga, Milan,
|d 1947-
|4 aut
|9 120141
|
| 700 |
1 |
|
|a Lukáč, Eduard,
|d 1965-
|4 aut
|9 10600
|
| 919 |
|
|
|a 80-88885-08-6
|
| 958 |
|
|
|a OND
|
| 958 |
|
|
|a TL
|
| 958 |
|
|
|a NB
|
| 958 |
|
|
|a UV
|
| 999 |
|
|
|c 868141
|d 870071
|
| 952 |
|
|
|t P60, <04>, [BOOK], {604}
|a SNK
|b SNK
|y VYP
|7 0
|p 17A0108774
|o snkSB 57921 D1
|i snkKSP 11554/97
|0 0
|1 0
|4 0
|d 1997-11-20
|l 0
|r 2005-01-02 00:00:00
|w 2026-02-24
|
| 952 |
|
|
|t P60, <03>, [BOOK], {603}
|a SNK
|b SNK
|y PREZ
|7 0
|p 17A0108775
|o snkSB 57921
|i snkKSP 11553/97
|0 0
|1 0
|4 0
|d 1997-11-20
|f 1
|l 0
|r 2015-12-31 00:00:00
|w 2026-02-24
|